000
00338nam a2200145Ia 4500
008
150201s2008 xx 000 0 und d
082
_a
612
_b
E08P
100
_a
PORTFIELD, S.P.
245
_a
ENDOCRINE PHYSIOLOGY
250
_a
3RD
260
_b
ELSEVIER
_a
DELHI
_c
2008
300
_a
1-328
650
_a
HUMAN PHYSIOLOGY
942
_2
ddc
_c
BK
999
_c
1277
_d
1277